00298nam a2200121Ia 4500003000400000005001700004008004100021040002700062100002000089245002500109260003400134300000800168OSt20230429063209.0170523s9999 xx 000 0 und d cIIMT UNIVERSITY MEERUT aKACHRU- UPENDRA 0aSTRATEGIC MANAGEMENT aNEW DELHI bEXCEL BOOKSc2009 a817